Infinitamente razonable /

Guardado en:
Autor Corporativo: BBC.
Formato: Deslizar
Series:El día que el Universo cambió
Materias:
Etiquetas: Agregar Etiqueta
Sin Etiquetas, Sea el primero en etiquetar este registro!
LEADER 01039ngm a22003255g 4500
001 CEM.cems021440
008 130507b1992##################0###0#####d
005 20240823144110.0
245 0 0 |a Infinitamente razonable / 
300 |a 57 
490 0 |a El día que el Universo cambió 
500 |a En soporte VHS, consultar en ventanilla. 
505 0 |a Concepciones filosóficas de la Edad Media. Aristóteles. San Agustín. El Poder de la Iglesia. La economía. Arte gótico: descripción 
538 |a Soporte: VHS - Norma: Pal N - Color - Grabación Drd 1992 - Hitachi=2394 
110 2 |a BBC. 
082 9 4 |. 1/BBC 
653 |a HISTORIA 
653 |a EUROPA-HISTORIA 
653 |a FILOSOFIA 
653 |a ARISTOTELES 
653 |a SAN AGUSTIN 
653 |a GOTICO 
653 |a RELIGION 
653 |a EUROPA 
653 |a EDAD MEDIA 
653 |a IGLESIA CATOLICA 
653 |a ARTE GOTICO 
653 |a NIVEL PRIMARIO 
653 |a NIVEL SECUNDARIO 
859 |a CEMS  |b BIB. CEMS - Depto. Recursos Didacticos  |h 940.1  |i BBC  |k DRD  |p 83.12  |t Ej.1